MARC

LEADER 00000nam0a2200000 4500
001 360181
005 20231102011247.0
035 |a (RuTPU)RU\TPU\retro\17489 
090 |a 360181 
100 |a 20210316d1974 m y0rusy50 ca 
101 0 |a rus 
102 |a RU 
105 |a a j 001zy 
200 1 |a Порошковая металлургия. Производство металлических порошков  |e курс лекций  |f Г. А. Меерсон  |g Московский государственный институт стали и сплавов  |h Ч. 1 
210 |a Москва  |c [Б. и.]  |d 1974 
215 |a 160 с.  |c ил. 
320 |a Библиогр.: с. 156 
606 1 |a Порошковая металлургия  |2 stltpush  |3 (RuTPU)RU\TPU\subj\68694  |9 83870 
610 1 |a металлические порошки 
610 1 |a производство 
610 1 |a методы 
610 1 |a классификация 
610 1 |a порошкообразные материалы 
610 1 |a восстановление 
610 1 |a водные растворы 
610 1 |a электролиз 
610 1 |a лекции 
610 1 |a учебные пособия 
675 |a 621.762(075.8)  |v 4 
700 1 |a Меерсон  |b Г. А. 
712 0 2 |a Московский государственный институт стали и сплавов  |c (1962-2008)  |2 stltpush  |3 (RuTPU)RU\TPU\col\180  |9 23256 
801 1 |a RU  |b 63413507  |c 20210316 
801 2 |a RU  |b 63413507  |c 20210906  |g RCR 
942 |c BK